LEADER 00936nam0-2200325---450 001 990008187810403321 005 20190723123557.0 010 $a0-412-43450-4 035 $a000818781 035 $aFED01000818781 035 $a(Aleph)000818781FED01 035 $a000818781 100 $a20050916d1998----km-y0itay50------ba 101 0 $aeng 102 $aGB 105 $a--------001y- 200 1 $aPaleoecology$eecosistems, environments and evolution$fPatrick J. Brenchley, David A. T. Harper 210 $aLondon$cChapman & Hall$dc1998 215 $aXXV, 402 p.$d25 cm 610 0 $aPaleoecologia botanica 676 $a561.1$v20$zita 700 1$aBrenchley,$bPatric John$0423314 701 1$aHarper,$bDavid A. T.$042291 801 0$aIT$bUNINA$gRICA$2UNIMARC 901 $aBK 912 $a990008187810403321 952 $a60 561 BREP 1998$b10096$fFAGBC 959 $aFAGBC 996 $aPaleoecology$9734943 997 $aUNINA LEADER 00648nam 2200157z- 450 001 9910712116103321 035 $a(CKB)5470000002490955 035 $a(EXLCZ)995470000002490955 100 $a20230509c2019uuuu -u- - 101 0 $aeng 200 10$aFena Valley Reservoir watershed and water-balance model updates and expansion of watershed modeling to southern Guam 210 $aReston, Virginia$cU.S. Department of the Interior, U.S. Geological Survey 906 $aBOOK 912 $a9910712116103321 996 $aFena Valley Reservoir watershed and water-balance model updates and expansion of watershed modeling to southern Guam$93305845 997 $aUNINA